| 000 | 00425nam a22001217a 4500 | ||
|---|---|---|---|
| 082 | _a200 THE | ||
| 100 |
_aMUHAMMAD BILAL KAKLI _972553 |
||
| 245 | _aTH-SOF-0913-TIME SERIES ANALYSIS AND FORECASTING IN PAKISTAN EDUCATION MANAGEMENT INFORMATION SYSTEM USING DATA MINING TECHNIQUE | ||
| 260 |
_aNUST COLLEGE OF EME _bISLAMABAD _c2001 |
||
| 650 |
_a MS-CSE-10 MSTHESIS _970287 |
||
| 700 |
_aDR USMAN QAMAR _918579 |
||
| 942 | _cREF | ||
| 999 |
_c578552 _d578552 |
||